[Event "Moscow op-E"]
[Site "Moscow"]
[Date "2011.01.29"]
[Round "1.129"]
[White "Baghdasaryan, Vahe"]
[Black "Trefilov, Maksim"]
[Result "1-0"]
[WhiteElo "2303"]
[BlackElo "1916"]
[PlyCount "71"]
[EventDate "2011.01.29"]
[EventType "swiss"]
[EventRounds "9"]
[EventCountry "RUS"]
[SourceTitle "EXT 2022"]
[Source "ChessBase"]
[SourceDate "2021.10.06"]
[SourceVersion "1"]
[SourceVersionDate "2021.10.06"]
[SourceQuality "1"]

1. e4 c6 2. d4 d5 3. exd5 cxd5 4. c4 Nf6 5. Nc3 e6 6. Nf3 Be7 7. Bg5 0-0 8. Bd3 dxc4 9. Bxc4 Nc6 10. 0-0 b6 11. a3 Bb7 12. Qd3 Rc8 13. Ba2 Nd5 14. Bb1 g6 15. Bh6 Re8 16. Ne4 Bf8 17. Bg5 Be7 18. Re1 Bxg5 19. Nexg5 Nf6 20. Ba2 Qd6 21. Rad1 Rcd8 22. b4 a6 23. Nxf7 Kxf7 24. Ng5+ Kg7 25. Nxe6+ Kh8 26. d5 Rxe6 27. Rxe6 Qxe6 28. dxe6 Rxd3 29. Rxd3 Kg8 30. f4 Kf8 31. g4 Nxg4 32. Rd7 Bc8 33. Rxh7 Ne7 34. Rh8+ Kg7 35. Re8 Kf6 36. Rf8+ 1-0